000 00741nas a2200253 4500
001 BR7200216
003 BR-BrBNA
005 20231205082348.0
007 ta
008 230509b bl.|||p| |||| 00| 00por d
040 _aBR-BrBNA
_bpor
_cBiblioteca Nacional de Agricultura
041 _a(Pt)
072 _aF30
100 1 _aCosta, P.H. da
245 1 _aAs variedades tipo "Patna" no Uruguai; safra 1967/68 a 1969/70 [arroz]
650 _aMELHORAMENTO GENETICO VEGETAL
650 _aARROZ
650 _aVARIEDADE
650 _aRENDIMENTO
650 _aURUGUAI
773 0 _tLavoura Arrozeira (Brazil)
_xISSN 0023-9143
_g(May 1972), v. 25(267) p. 43-47
_wBR7200216
909 _a202311
_bLúcia
_c55
_dLúcia Elande
942 _2AGRIS
_n0
_cANA
999 _c91190
_d91190